00608nam a2200169Ia 4500008004100000020001800041041000800059082001600067100005900083245003700142250000600179260006100185300002800246650002000274999001900294952012500313210716s2011 xx 000 0 und d a9780071332613 aeng a657.42 LANW aLanen, William N;Anderson, Shannon W;Maher, Michael W. aFundamentals of cost accounting. a2 aNew DelhibTata McGraw Hill Publishing Company Ltdc2011 axxxiv,636,A-16,G-6,I-10 aCost Accounting c208121d208121 001040708MBAaAIMITbAIMITd2013-09-21g699.00l0o657.42 LANWpMBA10687r2026-05-23 00:00:00v524.25w2021-07-16yBK